عرض عادي
عرض مارك
- الإسلام والديانات الأخرى
مدخل مصطلح موضوعي
001 - رقم الضبط
- حقل الضبط: 61766
003 - معرف رقم الضبط
- حقل الضبط: OSt
005 - تاريخ ووقت أخر عملية
- حقل الضبط: 20180410162750.0
008 - عناصر بيانات ثابتة الطول
- حقل تحكم ثابت الطول: 180410|| aca||aabn | a|a d
040 ## - مصدر الفهرسة
- هيئة الفهرسة الأصلية: OSt
- وكالة الكتابة: OSt
150 ## - مدخل-- مصطلح تاريخي
- عنصر مدخل المصطلح الموضوعي او الاسم الجغرافي: الإسلام والديانات الأخرى
670 ## - بيانات المصدر موجوده
- الاستشهاد بالمصدر: Work cat.: (OSt): الإسلام والأديان الأخرى في مواجهة التطرف :, 2018
